Economic census, Goa (Record no. 490263)

000 -LEADER
fixed length control field 00428cam a22001097a 4500
008 - FIXED-LENGTH DATA ELEMENTS--GENERAL INFORMATION
fixed length control field 180718b-- xxu||||| |||| 00| 0 eng d
082 ## - DEWEY DECIMAL CLASSIFICATION NUMBER
Classification number T19065x5445 E
245 ## - TITLE STATEMENT
Title Economic census, Goa
Statement of responsibility, etc. by Directorate of Planning, Statistics and Evaluation, Goa
260 ## - PUBLICATION, DISTRIBUTION, ETC.
Place of publication, distribution, etc. Panaji
Name of publisher, distributor, etc. The author
Date of publication, distribution, etc. --
500 ## - GENERAL NOTE
General note Library has 1977, 1977 (basic amenities ...), 1980 (summary), 1998
700 ## - ADDED ENTRY--PERSONAL NAME
Personal name Goa. Directorate of Planning, Statistics and Evaluation
Holdings
Withdrawn status Lost status Damaged status Not for loan Permanent Location Current Location Date acquired Full call number Barcode Date last seen Price effective from Koha item type
        Indian Institute of Public Administration Indian Institute of Public Administration 2018-08-04 T19065x5445 E GG28089 2018-08-04 2018-08-04 GG
        Indian Institute of Public Administration Indian Institute of Public Administration 2018-08-04 T19065x5445 E GG19674 2018-08-04 2018-08-04 GG
        Indian Institute of Public Administration Indian Institute of Public Administration 2018-08-04 T19065x5445 E GG19673 2018-08-04 2018-08-04 GG

Powered by Koha